|
|
|
|
| LEADER |
02117nam a22002897a 4500 |
| 001 |
7790 |
| 003 |
BD-DhAAL |
| 005 |
20230201150344.0 |
| 008 |
140401s2001 ii b|||| |||| 00| 0 ben d |
| 020 |
|
|
|a 98482600889
|
| 040 |
|
|
|a BD-DhAAL
|c BD-DhAAL
|
| 082 |
|
|
|2 19
|a 891.4414
|
| 100 |
|
|
|a দত্ত, মাইকেল মধুসূদন
|9 4220
|
| 245 |
|
|
|a মাইকেল মধুসূদন দত্ত প্রণীত মেঘনাদবধ কাব্য :
|b ভূমিকা ও কাব্য-পাঠ সম্বলিত /
|c মাইকেল মধুসূদন; সম্পাদনা শ্রীসুকুমার বন্দ্যোপাধ্যায়; ভূমিকা আলতাফ হোসেন ও সুকুমার বন্দ্যাোপাধ্যায়
|
| 260 |
|
|
|a কলকাতা ;
|a ঢাকা :
|b মডার্ন বুক এজেন্সী ;
|b দি স্কাই পাবলিশার্স,
|c ২০০১
|c ২০২৩
|
| 300 |
|
|
|a ৪২ পৃষ্ঠা,
|a ২০২ পৃষ্ঠা ;
|c ২৪ সে. মি.,
|c ২২ সে.মি.
|
| 526 |
|
|
|a GenEd (Residential Campus)
|
| 541 |
|
|
|e 7790, 40803, 40802
|a Development Book Agency
|
| 600 |
|
|
|a Dutt, Michael Madhusudan, 1824-1873.
|9 4222
|
| 650 |
|
|
|a Bengali literature
|y 19th century.
|9 4223
|
| 700 |
|
|
|a বন্দ্যোপাধ্যায়, শ্রীসুকুমার.
|9 4221
|
| 852 |
|
|
|a Ayesha Abed Library
|c General Stacks
|
| 942 |
|
|
|2 ddc
|c BK
|
| 999 |
|
|
|c 14272
|d 14272
|
| 952 |
|
|
|0 0
|1 0
|2 ddc
|4 1
|6 891_441400000000000_DUT
|7 0
|9 24101
|a BRACUL
|b BRACUL
|d 2014-04-01
|l 6
|m 35
|o 891.4414 DUT
|p 3010007790
|r 2024-01-30
|s 2024-01-23
|t 1
|w 2014-04-01
|y BK
|
| 952 |
|
|
|0 0
|1 0
|2 ddc
|4 0
|6 891_441400000000000_DUT
|7 0
|9 72966
|a SCL
|b SCL
|c GEN
|d 2023-01-15
|e Development Book Agency
|g 281.00
|l 1
|m 1
|o 891.4414 DUT
|p 3020040802
|r 2025-07-31
|s 2023-02-22
|t 1
|v 281.00
|w 2023-01-15
|y BK
|
| 952 |
|
|
|0 0
|1 0
|2 ddc
|4 0
|6 891_441400000000000_DUT
|7 0
|9 73112
|a SCL
|b SCL
|c GEN
|d 2023-01-15
|e Development Book Agency
|g 281.00
|l 2
|o 891.4414 DUT
|p 3020040803
|r 2024-11-04
|s 2024-10-28
|t 2
|v 281.00
|w 2023-01-15
|y BK
|